|
|
|
|
| LEADER |
05255nam a22003853i 4500 |
| 001 |
EBC6732941 |
| 003 |
MiAaPQ |
| 005 |
20231204023218.0 |
| 006 |
m o d | |
| 007 |
cr cnu|||||||| |
| 008 |
231204s2021 xx o ||||0 ger d |
| 020 |
|
|
|a 9783658342982
|q (electronic bk.)
|
| 020 |
|
|
|z 9783658342975
|
| 035 |
|
|
|a (MiAaPQ)EBC6732941
|
| 035 |
|
|
|a (Au-PeEL)EBL6732941
|
| 035 |
|
|
|a (OCoLC)1314630021
|
| 040 |
|
|
|a MiAaPQ
|b eng
|e rda
|e pn
|c MiAaPQ
|d MiAaPQ
|
| 050 |
|
4 |
|a JV6225-6231
|
| 100 |
1 |
|
|a Klie, Anna Wiebke.
|
| 245 |
1 |
0 |
|a Zivilgesellschaftliche Performanz Von Religiösen und Säkularen Migrantenselbstorganisationen :
|b Eine Studie in Nordrhein-Westfalen.
|
| 250 |
|
|
|a 1st ed.
|
| 264 |
|
1 |
|a Wiesbaden :
|b Springer Fachmedien Wiesbaden GmbH,
|c 2021.
|
| 264 |
|
4 |
|c {copy}2022.
|
| 300 |
|
|
|a 1 online resource (597 pages)
|
| 336 |
|
|
|a text
|b txt
|2 rdacontent
|
| 337 |
|
|
|a computer
|b c
|2 rdamedia
|
| 338 |
|
|
|a online resource
|b cr
|2 rdacarrier
|
| 505 |
0 |
|
|a Intro -- Danksagung -- Inhaltsverzeichnis -- Abbildungsverzeichnis -- Tabellenverzeichnis -- Übersichtsverzeichnis -- Teil I Einleitung und Forschungsstand -- 1 Einleitung -- 2 Forschungsstand zu Migrantenselbstorganisationen -- 2.1 Migrantenselbstorganisationen in Zahlen -- 2.2 Studien zu Migrantenselbstorganisationen mit dem Fokus auf türkisch-islamischen Verbänden -- Teil II Konzeptueller Rahmen und theoretische Hintergründe -- 3 Engagement und Zivilgesellschaft: Konzeptualisierung und gesellschaftliche Rahmenbedingungen -- 3.1 Zur Konzeptualisierung von Engagement und Zivilgesellschaft -- 3.2 Gesellschaftliche Rahmenbedingungen -- 4 Migrantenselbstorganisationen und ihre Einbettung in theoretische Diskurse -- 4.1 Definition und Funktionen zwischen Binnenorientierung und Vergesellschaftung -- 4.2 Sozialkapitaltheoretische Blickrichtungen -- 4.2.1 Grundannahmen der Sozialkapitaltheorie -- 4.2.2 Soziales Vertrauen als Kernkategorie -- 4.2.3 „Bonding" versus „bridging social capital" -- 4.2.4 Religiöses Sozialkapital und seine Produktion in unterschiedlichen Konfessionen -- 4.2.5 Die Janusköpfigkeit und das (un-)demokratische Potenzial religiöser Vereinigungen -- 4.3 Organisationssoziologische Kernelemente von Organisationen und die Eigenarten freiwilliger, religiöser und migrantischer Vereinigungen -- 4.3.1 Organisationsziele -- 4.3.2 Ressourcenausstattung -- 4.3.3 Mitglieder -- 4.3.4 Das Binnenleben von Organisationen: Dimensionen der formalen Organisationsstruktur -- 4.3.5 Ebenen und Dimensionen der Organisationsumwelt -- 4.4 Anreiztheoretische Grundannahmen zum Engagement in Organisationen -- 4.4.1 Das Anreiz-Beitrags-Modell als verhaltens- wissenschaftliche Entscheidungstheorie -- 4.4.2 Religionssoziologische und religionsökonomische Hypothesen zur Engagementmobilisierung in religiösen Organisationen.
|
| 505 |
8 |
|
|a 4.5 Organisationales Handeln aus der Perspektive des soziologischen Neoinstitutionalismus -- 4.6 Die theoretischen Zugänge: Eine Bilanz -- Teil III Empirie - Erhebung und Auswertung -- 5 Datenbasis und Sampling -- 5.1 Datensätze zur Bestimmung der Bruttostichprobe der MSO -- 5.2 Auswahl der nordrhein-westfälischen Kommunen für die Erhebung -- 5.3 Feldzugänge, Akquise-Strategien, Stichproben und Ausschöpfungsquote -- 6 Operationalisierung und Auswertung -- 6.1 Der Fragebogen: Operationalisierung des Erkenntnisinteresses im Kontext von Theorie und Forschungsstand -- 6.2 Anmerkungen zum Auswertungsverfahren -- 7 Ergebnisse der Erhebung: Die zivilgesellschaftlichen Performanzen der MSO -- 7.1 Deskriptive Bestandsaufnahme, integrierte Hypothesenprüfung und Diskussion der Ergebnisse -- 7.1.1 Allgemeine Charakteristika der MSO -- 7.1.2 Ressourcenausstattungen -- 7.1.3 Die MSO: Ziele, Selbstverständnisse, soziales Miteinander -- 7.1.4 Tätigkeitsbereiche und Veränderungen seit der Fluchtdynamik 2015 -- 7.1.5 Zielgruppen der Aktivitäten, Aktivitätsradius der MSO -- 7.1.6 Kooperationen: Partner, Ziele, wahrgenommene Schwierigkeiten -- 7.1.7 Einschätzung der eigenen Arbeit und Situation -- 7.2 MSO zwischen bonding und bridging -- 7.2.1 Auswertungsschritte und Analysedimensionen -- 7.2.2 Das Zusammenspiel von bonding und bridging -- 7.2.3 Aufgeschlossenheit gegenüber der Umwelt: Mitgliedschaftsvoraussetzungen, Zielgruppen, Kooperationsverhalten -- 7.2.4 Quervergleich zwischen den MSO: bridging oder bonding? - Muster und Typenbildung -- 7.2.5 Analyse von Begründungszusammenhängen -- 7.2.6 Fazit -- 7.3 Zusammenfassung der zentralen Ergebnisse, Fazit und Ausblicke -- Literaturverzeichnis.
|
| 588 |
|
|
|a Description based on publisher supplied metadata and other sources.
|
| 590 |
|
|
|a Electronic reproduction. Ann Arbor, Michigan : ProQuest Ebook Central, 2023. Available via World Wide Web. Access may be limited to ProQuest Ebook Central affiliated libraries.
|
| 655 |
|
4 |
|a Electronic books.
|
| 776 |
0 |
8 |
|i Print version:
|a Klie, Anna Wiebke
|t Zivilgesellschaftliche Performanz Von Religiösen und Säkularen Migrantenselbstorganisationen
|d Wiesbaden : Springer Fachmedien Wiesbaden GmbH,c2021
|z 9783658342975
|
| 797 |
2 |
|
|a ProQuest (Firm)
|
| 856 |
4 |
0 |
|u https://ebookcentral.proquest.com/lib/matrademy/detail.action?docID=6732941
|z Click to View
|